Szczegóły MARC21

Szczecin : praktyczny przewodnik turystyczny /

003 -Nazwa inst., której nr kontr. jest w polu 001 [,]
    • @
    • Nazwa instytucji, której n kontrolny jest w polu 001
    • NUKAT
005 -DATA I CZAS OSTATNIEJ MODYFIKACJI [,]
    • @
    • pole kontrolne
    • 20241231090424.0
020 -Międzynarod. znormalizowany nr książki - ISBN [ , ]
    • a
    • Numer ISBN
    • 9788361805762 Find
040 -Instytucja sporządzająca opis [ , ]
    • a
    • Instytucja, która sporządziła opis (NP)
    • SZCZ M/MK
    • c
    • Instytucja, która sporządziła rekord (NP)
    • SZCZ M/MK
    • d
    • Instytucja, która zmodyfikowała rekord (P)
    • WR O/KSs
942 -Rodzaj dokumentu [ , ]
    • c
    • Rodzaj dokumentu
    • Książka
100 -Hasło główne - nazwa osobowa [1, ]
    • a
    • Nazwa osobowa (NP)
    • Kociuba, Jarosław
    • d
    • Daty biograficzne (NP)
    • (1981- ).
    • 9
    • KHW
    • 54449
245 -Strefa tytułu i oznaczenia odpowiedzialności [1,0]
    • a
    • Tytuł
    • Szczecin : Find
    • b
    • Ciąg dalszy tytułu (NP)
    • praktyczny przewodnik turystyczny / Find
    • c
    • Pozostałe elementy strefy tytułu i oznaczenia odpowiedzialności (NP)
    • Jarosław Kociuba [oraz Szymon Jeż ; zdjęcia J. Kociuba oraz T. Cannon, H. Cobb, M. Jasiecki, S. Jeż, M. Kociuba, A. Kraśnicki jr., A. Łaskarzewski, M. Rembas, D. Róż, G. Solecki, Ł. Szełemej, A. Weczer, Z. Wróblewski].
250 -Strefa wydania [ , ]
    • a
    • Oznaczenie wydania (NP)
    • Wyd. 3, zm.
260 -Strefa adresu wydawniczego [ , ]
    • a
    • Miejsce wydania (P)
    • Szczecin :
    • b
    • Nazwa wydawcy (P)
    • Walkowska Wydawnictwo/JEŻ,
    • c
    • Data wydania (P)
    • 2016.
300 -Strefa opisu fizycznego [ , ]
    • a
    • Określenie formy książki i/lub objętość (NP)
    • 540 s. :
    • b
    • Oznaczenie ilustracji (NP)
    • il. kolor. ;
    • c
    • Format (NP)
    • 22 cm.
336 -Typ zawartości [ , ]
    • a
    • Termin opisujący typ zawartości
    • Tekst
    • b
    • Kod określający zawartość
    • txt
    • 2
    • Źródło (terminu i kodu)
    • rdacontent
337 -Typ mediów [ , ]
    • a
    • Tryb odtwarzania
    • Bez urządzenia pośredniczącego
    • b
    • Kod typu mediów
    • n
    • 2
    • Źródło (terminu i kodu)
    • rdamedia
338 -Typ/rodzaj nośnika [ , ]
    • a
    • Hasło opisujące typ nośnika
    • Wolumin
    • b
    • Kod typu nośnika
    • nc
    • 2
    • Źródło (terminu i kodu)
    • rdacarrier
500 -Uwaga ogólna [ , ]
    • a
    • Uwaga ogólna (NP)
    • Mapy na wyklejkach.
080 -Uniwersalna Klasyfikacja Dziesiętna [ , ]
    • 2
    • Identyfikator wydania tablic
    • UDC-P058
    • 9
    • UKD
    • 6822
    • a
    • Symbol klasyfikacji
    • 913(438)(036)
    • b
    • Dopowiedzenie
    • Przewodniki turystyczno-krajoznawcze po Polsce.
651 -Hasło przedmiotowe w formie nazwy geograficznej [ ,7]
    • a
    • Nazwa geograficzna
    • Szczecin (Polska)
    • v
    • Określnik formalny
    • przewodniki.
    • 2
    • Źródło terminu
    • kaba
    • 9
    • KHW
    • 375711
980 -Symbol UKD [ , ]
    • a
    • UKD
    • 913(438)(036)Szczecin
700 -Hasło dodatkowe - nazwa osobowa [1, ]
    • a
    • Nazwa osobowa (NP)
    • Jeż, Szymon Find
    • d
    • Daty biograficzne (NP)
    • (1974- ).
    • 9
    • KHW
    • 54445
700 -Hasło dodatkowe - nazwa osobowa [1, ]
    • a
    • Nazwa osobowa (NP)
    • Solecki, Grzegorz Find
    • d
    • Daty biograficzne (NP)
    • (1942- ).
    • e
    • Określenie rodzaju współpracy
    • Il.
    • 9
    • KHW
    • 11103
700 -Hasło dodatkowe - nazwa osobowa [1, ]
    • a
    • Nazwa osobowa (NP)
    • Cobb, Henry Nichols Find
    • d
    • Daty biograficzne (NP)
    • (1926-2020).
    • e
    • Określenie rodzaju współpracy
    • Il.
    • 9
    • KHW
    • 96205
700 -Hasło dodatkowe - nazwa osobowa [1, ]
    • a
    • Nazwa osobowa (NP)
    • Jasiecki, Maciej Find
    • d
    • Daty biograficzne (NP)
    • (1929-1997).
    • e
    • Określenie rodzaju współpracy
    • Il.
    • 9
    • KHW
    • 96204
700 -Hasło dodatkowe - nazwa osobowa [1, ]
    • a
    • Nazwa osobowa (NP)
    • Kraśnicki, Andrzej Find
    • c
    • Dopowiedzenie inne niż daty biograficzne (NP)
    • (jr).
    • e
    • Określenie rodzaju współpracy
    • Il.
    • 9
    • KHW
    • 11095
700 -Hasło dodatkowe - nazwa osobowa [1, ]
    • a
    • Nazwa osobowa (NP)
    • Łaskarzewski, Adrian. Find
    • e
    • Określenie rodzaju współpracy
    • Il.
    • 9
    • KHW
    • 96203
700 -Hasło dodatkowe - nazwa osobowa [1, ]
    • a
    • Nazwa osobowa (NP)
    • Rembas, Michał. Find
    • e
    • Określenie rodzaju współpracy
    • Il.
    • 9
    • KHW
    • 23992
700 -Hasło dodatkowe - nazwa osobowa [1, ]
    • a
    • Nazwa osobowa (NP)
    • Weczer, Agnieszka. Find
    • e
    • Określenie rodzaju współpracy
    • Il.
    • 9
    • KHW
    • 96207
700 -Hasło dodatkowe - nazwa osobowa [1, ]
    • a
    • Nazwa osobowa (NP)
    • Cannon, T. Find
    • e
    • Określenie rodzaju współpracy
    • Fot.
    • 9
    • KHW
    • 96206
710 -Hasło dodatkowe - nazwa ciała zbiorowego [2, ]
    • a
    • Nazwa ciała zbiorowego lub nazwa geograficzna jako pierwszy element (NP)
    • Walkowska Wydawnictwo.
    • 4
    • Kod relacji
    • pbl
    • 9
    • KHW
    • 54448
920 -ISBN [ , ]
    • a
    • ISBN
    • 978-83-61805-76-2 Find
Numer inwentarzowy Status udost. Lokalizacja Data inwentaryzacji
Z.1219441BG2016-07-18